00450nam a2200145 a 4500008004100000020001500041041000800056100002000064245004500084250001100129260004300140300001100183500009300194653001700287110908s1993 sp a f |||| 001 0 spa d a8420522929 aspa1 aMackenna, B. R. aFisiología ilustrada /cB. R. Mackenna a5a ed. aMadrid:bChurchill Livingstone;c1993. a380 p. aMackenna, B. R. (1993). Fisiología ilustrada (5a ed.). Madrid : Churchill Livingstone. aFisiología